| 000 -Etiqueta do registo | |
|---|---|
| campo de controlo de comprimento fixo | 005780000a22002050004500 |
| 001 - Identificador do registo | |
| Campo de controlo | 36031 |
| 010 ## - ISBN | |
| Número (ISBN) | 978-989-660-030-3 |
| 100 ## - Dados Gerais de Proc. | |
| Dados gerais de processamento | 20150413d2013 am y0pory5003 ba |
| 101 0# - Língua da publicação | |
| Língua do texto, banda sonora, etc. | Português |
| 102 ## - País de Publicação | |
| País de publicação | Portugal |
| 200 1# - Título | |
| Título próprio | Contos da montanha |
| Primeira menção de responsabilidade | Miguel Torga |
| 205 ## - Menção da edição | |
| Menção da edição | 4ª ed |
| 210 ## - Publicação, Distribuição | |
| Lugar da edição, distribuição, etc. | Alfragide |
| Nome do editor, distribuidor, etc. | Leya |
| Data da publicação, distribuição, etc. | 2013 |
| 215 ## - Descrição física | |
| Descrição física | 173 p. |
| 675 ## - CDU | |
| Notação | 087.5-053.6 |
| Edição | BN |
| Língua da edição | Português |
| 675 ## - CDU | |
| Notação | 821.134.3-34 |
| Edição | BN |
| Língua da edição | Português |
| 700 #1 - Responsabilidade principal | |
| Koha Internal Code | 45558 |
| Palavra de ordem | Torga |
| Outra parte do nome | Miguel |
| Elementos de identificação ou distinção | pseud. |
| 090 ## - Números de controlo do sistema (Koha) | |
| Número biblioitem do Koha (gerado automaticamente) | 36031 |
| 942 ## - Elementos de entrada adicionados (Koha) | |
| Tipo de item no Koha | Monografias |
| Suprimido | Disponível no OPAC |
| 999 ## - Campo local | |
| Campo local | 36031 |
| Removido (estado) | Perdido (estado) | Data de aquisição | Origem do registo (biblioteca) (codificado) | Código da organização que empresta ou é detentora (biblioteca) | Localização da prateleira | Código de barras | Local | Fundo / Espólio | Número de inventário | Cota | Data de empréstimo ou depósito | Tipo de circulação (não pode ser emprestado) | Tipo de item e material |
|---|---|---|---|---|---|---|---|---|---|---|---|---|---|
| Disponível | Disponível | 2015-04-13 | Biblioteca Municipal Álvaro de Campos | Biblioteca Municipal Álvaro de Campos | Plano Nacional de Leitura – 3.º Ciclo | BMTAV55436 | Sala de Adultos | Tom Kelly | 55436 | R3 TOR | 2025-02-27 | Normal | Monografias |